00337 a2200145 450000100060000002000150000604000370002110000200005824000330007824500280011130000070013936200090014644000120015565000240016772680 a8508001444 cAnchieta - Colégio São Paulo aPorto, Cristina10aSe... Será, Serafina?lpor10aSe... Será, Serafina? a640 a1985 1aÁtica 4aLiteratura infantil